Fr. Conceicao Rodrigues College of Engineering

Textbook of Polymer Science (Record no. 34494)

MARC details
000 -LEADER
fixed length control field 00355nam a2200169Ia 4500
082 ## - DEWEY DECIMAL CLASSIFICATION NUMBER
Classification number 668.9
Item number BIL
100 ## - MAIN ENTRY--PERSONAL NAME
Personal name Billmeyer/Fred
250 ## - EDITION STATEMENT
Edition statement 3
245 ## - TITLE STATEMENT
Title Textbook of Polymer Science
260 ## - PUBLICATION, DISTRIBUTION, ETC.
Name of publisher, distributor, etc. John Wiley & Sons
Date of publication, distribution, etc. 1994
300 ## - PHYSICAL DESCRIPTION
Extent 578
546 ## - LANGUAGE NOTE
Language note ENGLISH
650 ## - SUBJECT ADDED ENTRY--TOPICAL TERM
Topical term or geographic name entry element Chemistry
654 ## - SUBJECT ADDED ENTRY--FACETED TOPICAL TERMS
Focus term polymer science
942 ## - ADDED ENTRY ELEMENTS (KOHA)
Koha item type BOOK
Holdings
Withdrawn status Lost status Damaged status Not for loan Collection Home library Current library Date acquired Total Checkouts Full call number Barcode Date due Date last seen Date last checked out Price effective from Koha item type
        CRC Fr. Agnel's C.Rodrigues College of Engineering Fr. Agnel's C.Rodrigues- College of Engineering 17/03/2023 1 668.9 BIL 12747 13/07/2009 05/06/2023 05/06/2023 17/03/2023 BOOK